[Event "North American Open"]
[Site "Las Vegas, NV"]
[Date "2013.12.26"]
[Round "1.1"]
[White "Aaron, Deepak"]
[Black "Shimanov, Alex"]
[Result "1/2-1/2"]
[WhiteElo "2322"]
[BlackElo "2650"]
[PlyCount "65"]
[EventDate "2013.12.??"]
[EventType "swiss"]
[EventRounds "9"]
[EventCountry "USA"]
[Source "MonRoi"]

1. e4 e6 2. d4 d5 3. Nc3 Nf6 4. e5 Nfd7 5. f4 c5 6. Nf3 Nc6 7. Be3 cxd4 8. Nxd4
Bc5 9. Qd2 O-O 10. O-O-O a6 11. h4 Nxd4 12. Bxd4 b5 13. Rh3 Bb7 14. h5 b4 15.
Ne2 a5 16. Rg3 Qh4 17. Qe3 Rac8 18. f5 Kh8 19. Nf4 Bxd4 20. Rxd4 Qe7 21. Bd3
exf5 22. Bxf5 Rce8 23. Bxd7 Qxd7 24. Rd1 Qf5 25. Rg5 Qe4 26. Qg3 Rc8 27. Rd2 a4
28. Rg4 b3 29. axb3 Qf5 30. Rg5 Qe4 31. Rg4 Qf5 32. Rg5 Qe4 33. Rg4 1/2-1/2

[Event "North American Open"]
[Site "Las Vegas, NV"]
[Date "2013.12.26"]
[Round "1.2"]
[White "Gareev, Timur"]
[Black "Shen, Arthur"]
[Result "1-0"]
[WhiteElo "2650"]
[BlackElo "2319"]
[PlyCount "77"]
[EventDate "2013.12.??"]
[EventType "swiss"]
[EventRounds "9"]
[EventCountry "USA"]
[Source "MonRoi"]

1. Nf3 d5 2. c4 c6 3. e3 Nf6 4. Nc3 Nbd7 5. d4 e6 6. Qc2 Bd6 7. Be2 O-O 8. O-O
dxc4 9. Bxc4 b5 10. Be2 a6 11. e4 e5 12. h3 Qe7 13. a3 c5 14. d5 c4 15. a4 Rb8
16. axb5 axb5 17. Ra7 Ne8 18. Ra5 Nc7 19. Be3 Bc5 20. Qd2 Qd6 21. Rfa1 Bb4 22.
R5a2 Nc5 23. Qc2 Nb3 24. Rd1 Bd7 25. Nb1 f5 26. Nbd2 f4 27. Ba7 Nxd2 28. Nxd2
Ra8 29. Rda1 Bc8 30. f3 Rxa7 31. Rxa7 Bc5+ 32. Kh1 Bxa7 33. Rxa7 Ba6 34. Qc1
Qc5 35. Qg1 Qb4 36. Rxc7 Qxd2 37. Qa7 Qe1+ 38. Bf1 Qxf1+ 39. Kh2 1-0

[Event "North American Open"]
[Site "Las Vegas, NV"]
[Date "2013.12.26"]
[Round "1.8"]
[White "Kacheishvili, Giorgi"]
[Black "Adamson, Robby"]
[Result "1-0"]
[WhiteElo "2578"]
[BlackElo "2287"]
[PlyCount "51"]
[EventDate "2013.12.??"]
[EventType "swiss"]
[EventRounds "9"]
[EventCountry "USA"]
[Source "MonRoi"]

1. d4 Nf6 2. c4 e6 3. Nc3 Bb4 4. e3 b6 5. Nge2 Ba6 6. a3 Bxc3+ 7. Nxc3 d5 8. b4
Bxc4 9. Bxc4 dxc4 10. Qe2 a5 11. b5 Nd5 12. Qxc4 Nxc3 13. Qxc3 Qd5 14. Qxc7 O-O
15. O-O Qxb5 16. a4 Qc6 17. Qxc6 Nxc6 18. Ba3 Rfc8 19. Rab1 Rab8 20. Rfc1 f6
21. g4 Kf7 22. Rc3 Ke8 23. Rcb3 Nd8 24. Bc5 Rc6 25. h3 Kd7 26. Bxb6 1-0

[Event "North American Open"]
[Site "Las Vegas, NV"]
[Date "2013.12.26"]
[Round "1.11"]
[White "Zenyuk, Iryna"]
[Black "Lenderman, Alex"]
[Result "0-1"]
[WhiteElo "2272"]
[BlackElo "2549"]
[PlyCount "60"]
[EventDate "2013.12.??"]
[EventType "swiss"]
[EventRounds "9"]
[EventCountry "USA"]
[Source "MonRoi"]

1. d4 d6 2. Nf3 g6 3. c4 Bg7 4. e4 Bg4 5. Be2 Nc6 6. Be3 Bxf3 7. Bxf3 e5 8. d5
Nd4 9. Nc3 c5 10. dxc6 bxc6 11. O-O Rb8 12. Rb1 Qa5 13. Bxd4 exd4 14. e5 dxe5
15. Bxc6+ Kf8 16. Nd5 Qc5 17. Qa4 Ne7 18. Nxe7 Qxe7 19. b4 e4 20. b5 f5 21. Qb4
d3 22. c5 Be5 23. b6 Kg7 24. Qa4 axb6 25. cxb6 Qd6 26. g3 Rhc8 27. Bd7 Rc2 28.
b7 Bd4 29. Rb3 Bxf2+ 30. Rxf2 Qc5 0-1

[Event "North American Open"]
[Site "Las Vegas, NV"]
[Date "2013.12.26"]
[Round "1.12"]
[White "Shabalov, Alexander"]
[Black "Gurevich, Daniel"]
[Result "1/2-1/2"]
[WhiteElo "2528"]
[BlackElo "2272"]
[PlyCount "83"]
[EventDate "2013.12.??"]
[EventType "swiss"]
[EventRounds "9"]
[EventCountry "USA"]
[Source "MonRoi"]

1. c4 g6 2. d4 Nf6 3. Nc3 Bg7 4. e4 d6 5. Be2 O-O 6. Bg5 c5 7. d5 a6 8. a4 h6
9. Bf4 Qa5 10. Bd2 e6 11. dxe6 Bxe6 12. Nf3 Nc6 13. O-O Ng4 14. Qc1 Kh7 15. Ra3
Qd8 16. Nd5 Nge5 17. Bd1 Nxf3+ 18. Rxf3 Nd4 19. Rg3 b5 20. axb5 axb5 21. cxb5
Re8 22. b6 Bxd5 23. exd5 Re5 24. Rh3 Qf8 25. f4 Rxd5 26. Qc4 Rf5 27. g4 d5 28.
Qd3 Rf6 29. f5 gxf5 30. gxf5 Rb8 31. Bg5 Rbxb6 32. Bxf6 Bxf6 33. Kh1 Rxb2 34.
Rg1 Rb6 35. Qg3 Bh8 36. Qg2 Rd6 37. Rg3 Rd8 38. Rg6 Be5 39. Rg4 Bf6 40. Ba4 Kh8
41. Bd7 Nf3 42. Qxf3 1/2-1/2

[Event "North American Open"]
[Site "Las Vegas, NV"]
[Date "2013.12.26"]
[Round "1.18"]
[White "Sevillano, Enrico"]
[Black "Colas, Joshua"]
[Result "1/2-1/2"]
[WhiteElo "2485"]
[BlackElo "2239"]
[PlyCount "84"]
[EventDate "2013.12.??"]
[EventType "swiss"]
[EventRounds "9"]
[EventCountry "USA"]
[Source "MonRoi"]

1. e4 c5 2. c3 d5 3. exd5 Qxd5 4. d4 Nf6 5. Nf3 Nc6 6. Be2 cxd4 7. cxd4 e6 8.
Nc3 Qd6 9. O-O Be7 10. Nb5 Qd8 11. Bf4 Nd5 12. Bg3 a6 13. Nc3 O-O 14. Rc1 Bf6
15. Ne4 Be7 16. Nc5 Bd6 17. Ne5 Nce7 18. Qb3 b6 19. Ne4 Bb8 20. Bf3 Bb7 21.
Rfd1 h6 22. Nc3 Nxc3 23. bxc3 Bxf3 24. Nxf3 Bxg3 25. hxg3 b5 26. Ne5 Qd5 27.
Nd3 Rfd8 28. Qb2 Nc6 29. Re1 Na5 30. Re5 Qd6 31. Rh5 Nc4 32. Qe2 Qe7 33. Re1
Qf6 34. Nf4 Rac8 35. Nd3 Nb6 36. Nc5 Nd5 37. Qb2 Rc6 38. a3 Rdc8 39. Qd2 Rd8
40. Qb2 Rdc8 41. Qd2 Rd8 42. Qb2 Rdc8 1/2-1/2

[Event "North American Open"]
[Site "Las Vegas, NV"]
[Date "2013.12.26"]
[Round "1.20"]
[White "Yang, Darwin"]
[Black "Yanayt, Eugene"]
[Result "1-0"]
[WhiteElo "2468"]
[BlackElo "2220"]
[PlyCount "83"]
[EventDate "2013.12.??"]
[EventType "swiss"]
[EventRounds "9"]
[EventCountry "USA"]
[Source "MonRoi"]

1. Nf3 Nf6 2. g3 g6 3. Bg2 Bg7 4. O-O O-O 5. c4 d6 6. Nc3 Nc6 7. d3 e5 8. Rb1
a5 9. a3 Bf5 10. b4 axb4 11. axb4 Qd7 12. Bg5 h6 13. Bxf6 Bxf6 14. Nd5 Bg7 15.
Nd2 Rfb8 16. b5 Ne7 17. Nxe7+ Qxe7 18. Ra1 Bc8 19. Ra4 Qe8 20. Ne4 f5 21. Nc3
c6 22. Qb3 Rxa4 23. Qxa4 e4 24. Qa3 Qe5 25. Qa7 d5 26. cxd5 Qd6 27. Rc1 Bd7 28.
dxc6 bxc6 29. dxe4 Bxc3 30. Rxc3 fxe4 31. Bxe4 Rxb5 32. Rd3 Rb1+ 33. Kg2 Qe6
34. Qa8+ Be8 35. Re3 Rb5 36. Bxg6 Qxg6 37. Rxe8+ Kf7 38. Rf8+ Ke7 39. Qd8+ Ke6
40. Re8+ Kf5 41. e4+ Kg4 42. Qh4# 1-0

[Event "North American Open"]
[Site "Las Vegas, NV"]
[Date "2013.12.26"]
[Round "1.22"]
[White "Panjwani, Raja"]
[Black "Wheeler, Cameron"]
[Result "1-0"]
[WhiteElo "2460"]
[BlackElo "2202"]
[PlyCount "93"]
[EventDate "2013.12.??"]
[EventType "swiss"]
[EventRounds "9"]
[EventCountry "USA"]
[Source "MonRoi"]

1. c4 e5 2. g3 Nc6 3. Nc3 g6 4. Bg2 Bg7 5. e3 d6 6. Nge2 f5 7. O-O Nf6 8. d3
O-O 9. b3 Be6 10. Nd5 Qd7 11. Bb2 Nd8 12. Qd2 Nh5 13. f4 c6 14. Ndc3 exf4 15.
Nxf4 Nxf4 16. gxf4 d5 17. cxd5 cxd5 18. Ne2 Nc6 19. Bxg7 Qxg7 20. d4 Qe7 21.
Nc1 Qb4 22. Qb2 Rac8 23. Nd3 Qe7 24. Qd2 Rc7 25. Rac1 Rfc8 26. Rc2 Nd8 27. Rfc1
Rxc2 28. Rxc2 Rxc2 29. Qxc2 Nc6 30. Qc5 Kg7 31. Qc3 Kf7 32. b4 a6 33. Qb3 Kg7
34. Qc3 Bf7 35. Nc5 Nxb4 36. Qxb4 Qxe3+ 37. Kf1 Qxf4+ 38. Ke2 Qxh2 39. Kf3 Qh5+
40. Kf2 Qh4+ 41. Kg1 f4 42. Nd7 Qd8 43. Qd6 g5 44. Bh3 h5 45. Qe5+ Kh6 46. Bf5
f3 47. Nf8 1-0

[Event "North American Open"]
[Site "Las Vegas, NV"]
[Date "2013.12.26"]
[Round "1.26"]
[White "Mulyar, Michael"]
[Black "Hilby, Craig"]
[Result "1-0"]
[WhiteElo "2423"]
[BlackElo "2123"]
[PlyCount "89"]
[EventDate "2013.12.??"]
[EventType "swiss"]
[EventRounds "9"]
[EventCountry "USA"]
[Source "MonRoi"]

1. d4 Nf6 2. Nf3 e6 3. c4 c5 4. g3 cxd4 5. Nxd4 Nc6 6. Bg2 Bc5 7. Nb3 Be7 8.
Nc3 b6 9. O-O O-O 10. Bf4 Ba6 11. Nb5 Rc8 12. Nd6 Rc7 13. c5 e5 14. Be3 Qb8 15.
h3 Bxd6 16. cxd6 Rcc8 17. Bg5 Bb7 18. Bxf6 gxf6 19. Qd2 Nd8 20. e4 Rc6 21. Rfd1
Ne6 22. Qh6 Rxd6 23. Qxf6 Nd4 24. Qh4 Nxb3 25. axb3 Bc6 26. Rxd6 Qxd6 27. Qg5+
Kh8 28. Rxa7 f6 29. Qe3 Ra8 30. Qxb6 Rb8 31. Qe3 Qd1+ 32. Kh2 Qxb3 33. Qh6 Qf7
34. Qc1 Qb3 35. Qh6 Qf7 36. Qd2 Qe7 37. Ra3 Kg7 38. Rc3 Qb4 39. b3 Rb7 40. Qe3
Qd4 41. Qf3 Rb4 42. Re3 Bb5 43. Qg4+ Kf7 44. Qf5 Kg7 45. g4 1-0

[Event "North American Open"]
[Site "Las Vegas, NV"]
[Date "2013.12.26"]
[Round "2.1"]
[White "Mulyar, Michael"]
[Black "Gareev, Timur"]
[Result "0-1"]
[WhiteElo "2423"]
[BlackElo "2650"]
[PlyCount "106"]
[EventDate "2013.12.??"]
[EventType "swiss"]
[EventRounds "9"]
[EventCountry "USA"]
[Source "MonRoi"]

1. d4 Nf6 2. Nf3 e6 3. g3 b5 4. Bg2 Bb7 5. O-O Be7 6. Nbd2 O-O 7. c4 a6 8. b3
c5 9. dxc5 Bxc5 10. Bb2 d6 11. Qc2 Nbd7 12. Rad1 Rc8 13. Qb1 Rc7 14. b4 Bb6 15.
cxb5 axb5 16. Qd3 Qa8 17. a3 Qa6 18. e3 Ba7 19. Rc1 Rfc8 20. Rxc7 Rxc7 21. Rc1
Rxc1+ 22. Bxc1 Bd5 23. Bb2 Qb7 24. Ne1 Bxg2 25. Nxg2 d5 26. Ne1 Ne8 27. Nef3
Nd6 28. Qc3 f6 29. Nd4 Bxd4 30. Qxd4 e5 31. Qd3 Nb6 32. Nb3 Na4 33. Na5 Qf7 34.
Bc1 Nb6 35. Nb3 Nbc4 36. Nc5 e4 37. Qd1 Ne5 38. h4 Nf3+ 39. Kf1 g5 40. hxg5
fxg5 41. Bb2 Nc4 42. Bc3 h5 43. Kg2 h4 44. Nxe4 h3+ 45. Kh1 dxe4 46. Qd8+ Kh7
47. Qh8+ Kg6 48. g4 Nfe5 49. Qh5+ Kf6 50. Qh6+ Ke7 51. Qxg5+ Ke6 52. Qh6+ Kd5
53. f4 exf3 0-1

[Event "North American Open"]
[Site "Las Vegas, NV"]
[Date "2013.12.26"]
[Round "2.5"]
[White "Wang, Jue"]
[Black "Kacheishvili, Giorgi"]
[Result "0-1"]
[WhiteElo "2394"]
[BlackElo "2578"]
[PlyCount "48"]
[EventDate "2013.12.??"]
[EventType "swiss"]
[EventRounds "9"]
[EventCountry "USA"]
[Source "MonRoi"]

1. e4 e6 2. d4 d5 3. Nc3 Bb4 4. a3 Bxc3+ 5. bxc3 dxe4 6. Qg4 Nf6 7. Qxg7 Rg8 8.
Qh6 c5 9. Ne2 Bd7 10. a4 Bc6 11. a5 Nbd7 12. h3 Bb5 13. dxc5 Qc7 14. Be3 Nd5
15. Qxh7 N7f6 16. Qh4 O-O-O 17. a6 Bxa6 18. Bg5 Qxc5 19. Bxf6 Nxf6 20. Rxa6 Nd5
21. Ra1 Nxc3 22. Qf6 e5 23. Qf5+ Kb8 24. Nf4 Qa5 0-1

[Event "North American Open"]
[Site "Las Vegas, NV"]
[Date "2013.12.26"]
[Round "2.9"]
[White "Gerzhoy, Leonid"]
[Black "Del Campo, Roberto"]
[Result "0-1"]
[WhiteElo "2481"]
[BlackElo "2357"]
[PlyCount "131"]
[EventDate "2013.12.??"]
[EventType "swiss"]
[EventRounds "9"]
[EventCountry "USA"]
[Source "MonRoi"]

1. c4 g6 2. d4 Bg7 3. Nf3 Nf6 4. Nc3 O-O 5. e4 d6 6. Be2 Bg4 7. Be3 Nfd7 8. Rc1
e5 9. d5 f5 10. Ng5 f4 11. Bxg4 Qxg5 12. Bd2 Nc5 13. O-O a5 14. f3 Qe7 15. Rb1
Nbd7 16. b3 Nf6 17. Bh3 h5 18. a3 Nh7 19. b4 axb4 20. axb4 Nd7 21. c5 Ng5 22.
Bxd7 Qxd7 23. Qb3 Kh8 24. Qc4 Qe7 25. Nb5 Nf7 26. cxd6 cxd6 27. Qc7 Qxc7 28.
Nxc7 Ra2 29. Rf2 Rc8 30. Ne6 Bf6 31. Rc1 Rcc2 32. Rxc2 Rxc2 33. Kf1 Nd8 34. g3
g5 35. gxf4 gxf4 36. Rg2 Nxe6 37. dxe6 Kh7 38. Ke2 b5 39. Rg1 Rc7 40. Ra1 Kg7
41. Ra6 Be7 42. Rb6 Kf6 43. Rxb5 Kxe6 44. Kd3 Ra7 45. Ra5 Rb7 46. Kc4 Rc7+ 47.
Kb3 Bd8 48. Ra8 Rd7 49. Ra6 Rg7 50. b5 Rb7 51. Ka4 Bb6 52. Ba5 Bg1 53. h3 Bc5
54. b6 d5 55. Kb5 Kd6 56. Ra8 dxe4 57. fxe4 f3 58. Rd8+ Rd7 59. Rf8 f2 60. Bc3
Be3 61. Rf6+ Ke7 62. Bxe5 Rb7 63. Rf3 Rxb6+ 64. Kc4 Rb1 65. Kd3 Bb6 66. Bf6+
0-1

[Event "North American Open"]
[Site "Las Vegas, NV"]
[Date "2013.12.26"]
[Round "2.10"]
[White "Banawa, Joel"]
[Black "Yang, Darwin"]
[Result "1/2-1/2"]
[WhiteElo "2358"]
[BlackElo "2468"]
[PlyCount "37"]
[EventDate "2013.12.??"]
[EventType "swiss"]
[EventRounds "9"]
[EventCountry "USA"]
[Source "MonRoi"]

1. c4 c5 2. Nf3 Nc6 3. Nc3 e5 4. g3 g6 5. Bg2 Bg7 6. O-O Nge7 7. d3 O-O 8. a3
a5 9. Rb1 d6 10. Bg5 f6 11. Be3 Be6 12. Ne1 Rb8 13. Nc2 Qd7 14. b4 b6 15. Qd2
Bh3 16. Bxh3 Qxh3 17. bxa5 bxa5 18. Rxb8 Rxb8 19. Rb1 1/2-1/2

[Event "North American Open"]
[Site "Las Vegas, NV"]
[Date "2013.12.26"]
[Round "2.17"]
[White "Ehlvest, Jaan"]
[Black "Liu, Elliott"]
[Result "1-0"]
[WhiteElo "2577"]
[BlackElo "2289"]
[PlyCount "61"]
[EventDate "2013.12.??"]
[EventType "swiss"]
[EventRounds "9"]
[EventCountry "USA"]
[Source "MonRoi"]

1. e4 c5 2. Nf3 Nc6 3. Bb5 d6 4. O-O Bd7 5. Re1 Nf6 6. c3 a6 7. Bf1 Bg4 8. h3
Bh5 9. d4 Bxf3 10. gxf3 e5 11. dxe5 dxe5 12. f4 Qxd1 13. Rxd1 Rd8 14. Rxd8+
Kxd8 15. fxe5 Nxe5 16. Nd2 g5 17. Nc4 Nf3+ 18. Kh1 Nxe4 19. Be3 f5 20. Rd1+ Ke7
21. Be2 g4 22. hxg4 fxg4 23. Bd3 Nf6 24. Bxc5+ Ke6 25. Ba7 Be7 26. Ne3 Kf7 27.
Nf5 Ne5 28. Be2 Ra8 29. Bd4 Nf3 30. Bxf3 gxf3 31. Rd3 1-0

[Event "North American Open"]
[Site "Las Vegas, NV"]
[Date "2013.12.26"]
[Round "2.19"]
[White "Boor, Carl"]
[Black "Shabalov, Alexander"]
[Result "0-1"]
[WhiteElo "2278"]
[BlackElo "2528"]
[PlyCount "96"]
[EventDate "2013.12.??"]
[EventType "swiss"]
[EventRounds "9"]
[EventCountry "USA"]
[Source "MonRoi"]

1. d4 Nf6 2. c4 e6 3. Nc3 Bb4 4. Qc2 O-O 5. Nf3 d6 6. Bd2 c5 7. dxc5 dxc5 8. g3
Nc6 9. Bg2 e5 10. O-O Bg4 11. Rad1 Bxc3 12. Bxc3 Qc7 13. h3 Bh5 14. Rfe1 Rfe8
15. g4 Bg6 16. Qc1 e4 17. Nh4 e3 18. fxe3 Qg3 19. Nxg6 hxg6 20. Rf1 Rxe3 21.
Rf3 Rxf3 22. exf3 Re8 23. Re1 Ne5 24. Bxe5 Rxe5 25. Rxe5 Qxe5 26. Qd2 g5 27.
Kf2 Nh7 28. b3 Nf8 29. Qe3 Qb2+ 30. Qe2 Qd4+ 31. Qe3 Qa1 32. Qxg5 Qxa2+ 33. Kg3
Qxb3 34. Qxc5 b6 35. Qc8 a5 36. c5 bxc5 37. Qxc5 a4 38. Bf1 Qb8+ 39. Kf2 Ne6
40. Qe7 Qb2+ 41. Kg3 Qe5+ 42. Kf2 Qd4+ 43. Kg2 g5 44. Qa3 Nf4+ 45. Kh1 Qd1 46.
Kg1 Nxh3+ 47. Kg2 Nf4+ 48. Kg1 Qe1 0-1

[Event "North American Open"]
[Site "Las Vegas, NV"]
[Date "2013.12.26"]
[Round "2.20"]
[White "Yermolinsky, Alex"]
[Black "Hasan, Mehdi"]
[Result "1-0"]
[WhiteElo "2510"]
[BlackElo "2285"]
[PlyCount "60"]
[EventDate "2013.12.??"]
[EventType "swiss"]
[EventRounds "9"]
[EventCountry "USA"]
[Source "MonRoi"]

1. d4 d5 2. c4 e6 3. Nc3 Bb4 4. Nf3 Nf6 5. Bg5 O-O 6. e3 h6 7. Bh4 c5 8. cxd5
exd5 9. Be2 c4 10. O-O g5 11. Bg3 Bxc3 12. bxc3 Ne4 13. Rc1 Qa5 14. Qc2 Bf5 15.
Qb2 Nd7 16. Ne5 Nb6 17. Bh5 f6 18. Ng4 Kg7 19. h3 Rad8 20. Bh2 Rd7 21. f3 Na4
22. Qa3 Nexc3 23. Rxc3 Qxc3 24. Qxa4 Qb2 25. Nf2 c3 26. e4 b5 27. Qa6 dxe4 28.
fxe4 Rxd4 29. exf5 Rd7 30. Qc6 Rfd8 1-0

[Event "North American Open"]
[Site "Las Vegas, NV"]
[Date "2013.12.26"]
[Round "2.21"]
[White "Colas, Joshua"]
[Black "Wang, Chen"]
[Result "0-1"]
[WhiteElo "2239"]
[BlackElo "2503"]
[PlyCount "108"]
[EventDate "2013.12.??"]
[EventType "swiss"]
[EventRounds "9"]
[EventCountry "USA"]
[Source "MonRoi"]

1. d4 d5 2. Nf3 Nf6 3. Bf4 c6 4. e3 Bg4 5. Be2 e6 6. c3 Nbd7 7. h3 Bh5 8. Nbd2
Be7 9. O-O O-O 10. Ne5 Nxe5 11. Bxe5 Bg6 12. Bh2 Ne8 13. Bh5 Nd6 14. Bxg6 hxg6
15. Qe2 Qb6 16. Rab1 c5 17. dxc5 Qxc5 18. e4 Rfd8 19. Rfd1 dxe4 20. Nxe4 Qc4
21. Qxc4 Nxc4 22. b3 Na3 23. Rbc1 f5 24. Nd2 Bf6 25. Nf3 Bxc3 26. Bc7 Rxd1+ 27.
Rxd1 Bf6 28. Rd7 b6 29. Be5 Nb5 30. a4 Nc3 31. Bxf6 gxf6 32. Nd4 e5 33. Nc6 Ne4
34. b4 a5 35. bxa5 bxa5 36. Rc7 f4 37. f3 Ng3 38. Ne7+ Kf7 39. Kf2 Ke6 40. Ke1
g5 41. Nc8 Rb8 42. Rc5 Nf5 43. Na7 Rb2 44. Rxa5 Ne3 45. Rb5 Rxg2 46. a5 Ra2 47.
Nc6 Nc2+ 48. Kd1 e4 49. Rb6 Kd5 50. Ne7+ Kc4 51. fxe4 Ne3+ 52. Ke1 f3 53. Rc6+
Kb5 54. Rb6+ Kxa5 0-1

[Event "North American Open"]
[Site "Las Vegas, NV"]
[Date "2013.12.26"]
[Round "2.35"]
[White "Yanayt, Eugene"]
[Black "Toledo, Aaron"]
[Result "1-0"]
[WhiteElo "2220"]
[BlackElo "1735"]
[PlyCount "77"]
[EventDate "2013.12.??"]
[EventType "swiss"]
[EventRounds "9"]
[EventCountry "USA"]
[Source "MonRoi"]

1. d4 d5 2. c4 dxc4 3. Nf3 Nf6 4. e3 e6 5. Bxc4 c5 6. O-O a6 7. a4 Be7 8. Nc3
O-O 9. Qe2 Nc6 10. Rd1 Qc7 11. Bd2 Rd8 12. Be1 b6 13. Rac1 Bb7 14. dxc5 Rxd1
15. Rxd1 Bxc5 16. e4 Rd8 17. Rxd8+ Qxd8 18. Bxa6 Bxa6 19. Qxa6 Nb4 20. Qe2 Qd3
21. Kf1 Nd7 22. Nd1 f6 23. Qxd3 Nxd3 24. Bd2 Bd6 25. g3 N7c5 26. Ke2 Ne5 27.
Nxe5 Bxe5 28. f4 Bd4 29. a5 bxa5 30. Bxa5 Nb3 31. Bc3 Bg1 32. h3 Nc5 33. Kf1
Bh2 34. Kg2 Bxg3 35. Kxg3 Nxe4+ 36. Kf3 f5 37. Nf2 Nxc3 38. bxc3 h6 39. h4 1-0

[Event "North American Open"]
[Site "Las Vegas, NV"]
[Date "2013.12.27"]
[Round "3.5"]
[White "Kacheishvili, Giorgi"]
[Black "Ruiz, Joshua"]
[Result "1-0"]
[WhiteElo "2578"]
[BlackElo "2391"]
[PlyCount "139"]
[EventDate "2013.12.??"]
[EventType "swiss"]
[EventRounds "9"]
[EventCountry "USA"]
[Source "MonRoi"]

1. d4 Nf6 2. c4 e6 3. Nc3 Bb4 4. e3 O-O 5. Bd3 b6 6. Nge2 Bb7 7. O-O d5 8. cxd5
exd5 9. f3 c5 10. a3 Bxc3 11. bxc3 Re8 12. Ra2 Ba6 13. Bxa6 Nxa6 14. Ng3 Qd7
15. Re2 Rad8 16. Bb2 Qc6 17. Rfe1 Nc7 18. e4 cxd4 19. cxd4 Ne6 20. e5 Nd7 21.
Qd2 g6 22. f4 f5 23. exf6 Nxf6 24. f5 Nf8 25. fxg6 Nxg6 26. Rf1 Rxe2 27. Qxe2
Re8 28. Qd1 Ne4 29. Bc1 Nxg3 30. hxg3 Rf8 31. Bh6 Rf6 32. Kh2 Rxf1 33. Qxf1 Qe6
34. Qf3 b5 35. g4 Qd6+ 36. Kg1 Nh4 37. Qe3 Kf7 38. Bf4 Qe6 39. Qh3 Ng6 40.
Qxh7+ Ke8 41. Bg5 a5 42. Qc7 b4 43. a4 Qe4 44. Qd8+ Kf7 45. Qd7+ Kg8 46. Qa7 b3
47. Qb8+ Kg7 48. Qb7+ Kf8 49. Qxb3 Qxd4+ 50. Be3 Qa1+ 51. Kf2 Qf6+ 52. Ke2 Qe5
53. Qc2 Ne7 54. Qd3 Ke8 55. Kf3 Qf6+ 56. Kg3 Qe5+ 57. Bf4 Qe1+ 58. Kf3 Qe6 59.
Qe2 Qg6 60. Kg3 d4 61. Qb5+ Kf8 62. Qxa5 Qd3+ 63. Kh2 Qe4 64. Qe5 Qh7+ 65. Qh5
Qe4 66. Qh8+ Kf7 67. Qe5 Qd3 68. a5 Ng6 69. Qd5+ Kg7 70. Qd7+ 1-0

[Event "North American Open"]
[Site "Las Vegas, NV"]
[Date "2013.12.27"]
[Round "3.6"]
[White "Wang, Chen"]
[Black "Wang, Kevin"]
[Result "1/2-1/2"]
[WhiteElo "2503"]
[BlackElo "2333"]
[PlyCount "89"]
[EventDate "2013.12.??"]
[EventType "swiss"]
[EventRounds "9"]
[EventCountry "USA"]
[Source "MonRoi"]

1. e4 c6 2. Nf3 d5 3. Nc3 Bg4 4. h3 Bxf3 5. Qxf3 e6 6. d4 dxe4 7. Qxe4 Nf6 8.
Qd3 Na6 9. a3 Nc7 10. g3 Be7 11. Bg2 O-O 12. O-O Ncd5 13. Ne2 b5 14. b3 Rc8 15.
Bb2 Qd7 16. Rfd1 Rfd8 17. c4 Nb6 18. a4 bxc4 19. bxc4 a5 20. Qc2 Qb7 21. Ba3
Bxa3 22. Rxa3 Qa6 23. Rc3 Nbd7 24. Nf4 h6 25. Kh2 Qa7 26. Re3 Nb8 27. Qc3 Qb6
28. Re5 Qb4 29. Rd3 Qxc3 30. Rxc3 Rxd4 31. Rxa5 Nbd7 32. Nd3 Nb6 33. Ne5 Ne4
34. Re3 f5 35. Bxe4 fxe4 36. Rc5 Rf8 37. Re2 Nxa4 38. Nxc6 Rd3 39. Re5 Nc3 40.
Rc2 Nb1 41. Rxe6 Nd2 42. Kg2 Nf3 43. Rc1 Rd2 44. Rf1 Ne1+ 45. Rxe1 1/2-1/2

[Event "North American Open"]
[Site "Las Vegas, NV"]
[Date "2013.12.27"]
[Round "3.7"]
[White "Del Campo, Roberto"]
[Black "Shimanov, Alex"]
[Result "0-1"]
[WhiteElo "2357"]
[BlackElo "2650"]
[PlyCount "138"]
[EventDate "2013.12.??"]
[EventType "swiss"]
[EventRounds "9"]
[EventCountry "USA"]
[Source "MonRoi"]

1. e4 c6 2. d4 d5 3. Nd2 dxe4 4. Nxe4 Nd7 5. Bc4 Ngf6 6. Nxf6+ Nxf6 7. Nf3 Bf5
8. Qe2 e6 9. Bg5 Bb4+ 10. c3 Be7 11. Ne5 h6 12. Bxf6 gxf6 13. Nf3 Qc7 14. Bd3
Bxd3 15. Qxd3 O-O-O 16. O-O-O h5 17. Kb1 Kb8 18. Rhe1 c5 19. Qe4 cxd4 20. Rxd4
Rxd4 21. Qxd4 Rd8 22. Qe4 f5 23. Qe5 Bc5 24. Rf1 Bd6 25. Qf6 Bf4 26. g3 Qd7 27.
Qd4 Qxd4 28. Nxd4 Be5 29. Nf3 Bf6 30. Re1 Rd3 31. Re3 Rd1+ 32. Kc2 Rf1 33. Re2
Kc7 34. h4 Kd6 35. Rd2+ Kc6 36. Re2 Kd5 37. Ne1 e5 38. Rd2+ Ke6 39. Re2 Kd5 40.
Rd2+ Kc6 41. Ng2 f4 42. gxf4 e4 43. Re2 Rh1 44. Rxe4 Rh2 45. Ne3 Bxh4 46. Kd3
Bxf2 47. Nc4 Rh3+ 48. Ke2 Bc5 49. Re8 Kd5 50. Nd2 Rh2+ 51. Kd3 Bd6 52. f5 Rf2
53. Rd8 Rxf5 54. Nc4 Rf3+ 55. Ke2 Rf6 56. Ne3+ Ke4 57. Rh8 Bc5 58. Nc4 Rf2+ 59.
Ke1 Rh2 60. b4 Bf2+ 61. Kf1 Bg3 62. Kg1 h4 63. a4 Rc2 64. Re8+ Kf4 65. Rf8 Rc1+
66. Kg2 f5 67. Nd6 Rc2+ 68. Kg1 h3 69. Rxf5+ Kg4 0-1

[Event "North American Open"]
[Site "Las Vegas, NV"]
[Date "2013.12.27"]
[Round "3.8"]
[White "Sevillano, Enrico"]
[Black "Shankland, Sam"]
[Result "0-1"]
[WhiteElo "2485"]
[BlackElo "2602"]
[PlyCount "74"]
[EventDate "2013.12.??"]
[EventType "swiss"]
[EventRounds "9"]
[EventCountry "USA"]
[Source "MonRoi"]

1. e4 e6 2. d4 d5 3. e5 c5 4. c3 Nc6 5. Nf3 Qb6 6. a3 Nh6 7. b4 cxd4 8. cxd4
Nf5 9. Be3 f6 10. exf6 gxf6 11. Nc3 Nxe3 12. fxe3 Bh6 13. Qd3 O-O 14. Be2 Ne7
15. e4 Bd7 16. O-O Rac8 17. exd5 exd5 18. Rfe1 Kh8 19. Bf1 Bf5 20. Qb5 Rxc3 21.
Qxb6 axb6 22. Rxe7 Be3+ 23. Kh1 Rfc8 24. Re1 Be4 25. Bb5 Rxa3 26. Bd7 Rc1 27.
Rxc1 Bxc1 28. h4 Bf4 29. Kg1 Bg3 30. Bb5 Ra1+ 31. Bf1 Rd1 32. h5 Bd3 33. Ne1
Bxf1 34. Kxf1 Rxe1+ 35. Rxe1 Bxe1 36. Kxe1 Kg7 37. Kf2 Kh6 0-1

[Event "North American Open"]
[Site "Las Vegas, NV"]
[Date "2013.12.27"]
[Round "3.11"]
[White "Shabalov, Alexander"]
[Black "Banawa, Joel"]
[Result "1/2-1/2"]
[WhiteElo "2528"]
[BlackElo "2358"]
[PlyCount "41"]
[EventDate "2013.12.??"]
[EventType "swiss"]
[EventRounds "9"]
[EventCountry "USA"]
[Source "MonRoi"]

1. c4 Nf6 2. Nc3 e6 3. e4 d5 4. e5 d4 5. exf6 dxc3 6. bxc3 Qxf6 7. Nf3 e5 8.
Bd3 Bd6 9. O-O O-O 10. Be4 Nc6 11. d4 exd4 12. Bg5 Qe6 13. Re1 Qxc4 14. cxd4
Bg4 15. d5 Bxf3 16. gxf3 Nb4 17. a3 f5 18. Rc1 Qb5 19. axb4 fxe4 20. fxe4 Rae8
21. Bd2 1/2-1/2

[Event "North American Open"]
[Site "Las Vegas, NV"]
[Date "2013.12.27"]
[Round "3.18"]
[White "Sapozhnikov, Roman"]
[Black "Gerzhoy, Leonid"]
[Result "1-0"]
[WhiteElo "2293"]
[BlackElo "2481"]
[PlyCount "113"]
[EventDate "2013.12.??"]
[EventType "swiss"]
[EventRounds "9"]
[EventCountry "USA"]
[Source "MonRoi"]

1. e4 c5 2. Nf3 d6 3. d4 cxd4 4. Nxd4 Nf6 5. Nc3 Nc6 6. Bg5 e6 7. Qd2 Be7 8.
O-O-O Nxd4 9. Qxd4 O-O 10. f3 a6 11. h4 Qc7 12. h5 h6 13. Bh4 b5 14. a3 Rb8 15.
Bxf6 Bxf6 16. Qxd6 Qxd6 17. Rxd6 Be5 18. Rd3 a5 19. Ne2 b4 20. f4 Bc7 21. g3
Ba6 22. Rd7 bxa3 23. b3 Bb6 24. Nc3 Rfc8 25. Na2 Bxf1 26. Rxf1 a4 27. b4 Rc4
28. Rf3 Rbc8 29. Rd2 Rxe4 30. Kd1 e5 31. fxe5 Rxe5 32. Rxa3 Rxh5 33. Kc1 Rh1+
34. Rd1 Rh3 35. Rdd3 h5 36. Nc3 Rh2 37. Rxa4 Bd8 38. Kb2 Bf6 39. Kb3 Rh1 40. b5
Rc5 41. Rb4 Rc8 42. b6 Kh7 43. Nd5 Be5 44. Ne7 Rb8 45. Kc4 h4 46. Nc6 Rc8 47.
Kd5 Bxg3 48. b7 Re8 49. b8=Q Bxb8 50. Rxb8 Rxb8 51. Nxb8 g5 52. Nd7 f5 53. Ke5
Kg6 54. Rd6+ Kf7 55. Kxf5 Ke7 56. Rd2 Rg1 57. Ne5 1-0